00385nam a2200133Ia 4500008004100000020001500041100002800056245001100084250000800095260003500103300000700138952009100145999001500236211105s9999 xx 000 0 und d aVYASA01106 aAkhandananda Saraswathi 0aAshram a1st bSatsahitya prakashan trustc\N a32 00104070aSVYASAbSVYASAd2010-06-22l0p14178r2021-11-09 00:00:00w2021-11-09yBKS c9896d9896